Statistics for Five Letter Geography #3

Click here to take the quiz!

General Stats

  • This quiz has been taken 51,197 times
    (22,617 since last reset)
  • The average score is 16 of 22

Answer Stats

DescriptionAnswer% Correct
One of four "countries" of the UKWales
98%
Land of the pharaohsEgypt
97%
Language of the NetherlandsDutch
93%
Italian fashion capitalMilan
90%
Capital of South KoreaSeoul
90%
One of India's two official languagesHindi
85%
Home to the world's tallest buildingDubai
84%
World's second largest religionIslam
83%
Capital of Western AustraliaPerth
80%
Country that is more than 4000 kilometers
tall but only about 200 kilometers wide
Chile
75%
American site of witch trials in 1692Salem
73%
River on Germany's western borderRhine
71%
City famous for South BeachMiami
71%
U.S. state closest to Africa, distance-wiseMaine
71%
Landform formed when a river meets the seaDelta
70%
Portugal's second biggest cityPorto
65%
Capital of BangladeshDhaka
60%
Biggest city in YorkshireLeeds
54%
Capital near the site of ancient CarthageTunis
52%
Name for that country in its native languageCymru
39%
Capital city at 2,850 meters of elevationQuito
33%
Israeli desertNegev
25%

Score Distribution

Percentile by Number Answered

Percent of People with Each Score

Your Score History

You have not taken this quiz since the last reset